| Tag |
First Indicator |
Second Indicator |
Subfields |
| LEADER |
00000cam a2200000 4500 |
| 001 |
in00000058690 |
| 005 |
20151008050450.0 |
| 008 |
701120s1960 nyu 00100 eng |
| 010 |
|
|
|a 60013228
|
| 035 |
|
|
|a (OCoLC)00722439
|
| 035 |
|
|
|9 AAG1187AM
|
| 040 |
|
|
|a DLC
|c DLC
|d TXA
|d UtOrBLW
|
| 049 |
|
|
|a TXAM
|c [329298]
|
| 050 |
0 |
0 |
|a JC311
|b .H373
|
| 082 |
0 |
|
|a 320.158
|
| 092 |
|
|
|a 320.158
|b H417n
|
| 100 |
1 |
|
|a Hayes, Carlton J. H.
|q (Carlton Joseph Huntley),
|d 1882-1964.
|
| 245 |
1 |
0 |
|a Nationalism :
|b a religion.
|
| 264 |
|
1 |
|a New York :
|b Macmillan,
|c 1960.
|
| 300 |
|
|
|a 187 pages ;
|c 22 cm.
|
| 336 |
|
|
|a text
|b txt
|2 rdacontent
|
| 337 |
|
|
|a unmediated
|b n
|2 rdamedia
|
| 338 |
|
|
|a volume
|b nc
|2 rdacarrier
|
| 650 |
|
0 |
|a Nationalism.
|
| 999 |
|
|
|a MARS
|
| 999 |
f |
f |
|s 0c5a8fb6-dc8e-30ea-b605-5c36b1da77d7
|i 23616a26-98cc-3f29-a420-a761dda07266
|t 0
|
| 952 |
f |
f |
|p ric
|a Texas A&M University
|b Rellis Campus
|c Joint Library Facility
|d Remote Storage
|t 0
|e JC311 .H373
|h Library of Congress classification
|i unmediated -- volume
|m A14800658533
|
| 998 |
f |
f |
|a JC311 .H373
|t 0
|l Remote Storage
|